| 000 | 00439cam a2200181ua 4500 | ||
|---|---|---|---|
| 020 | _c5.00 | ||
| 041 |
_ahin _h |
||
| 082 |
_a891.54 _bTAR/MA |
||
| 100 | _aTarashankar, Vadyopadyay . | ||
| 245 |
_aMahagheta / _cTarashankar Vadyopadyay. _hTextual Documents |
||
| 250 |
_a1 / _b. |
||
| 260 |
_aDelhi : _bRajkamal Prakashan , _c1959. |
||
| 300 | _a235 ; . | ||
| 365 | _a5.00 | ||
| 504 | _a | ||
| 942 | _cBK | ||
| 999 |
_c12727 _d12727 |
||